书目信息 |
| 题名: |
我不信邪:何祚麻反伪科学论战集
|
|
| 作者: | 何祚麻 著 | |
| 分册: | ||
| 出版信息: | 南昌 江西教育出版社 1999.10 |
|
| 页数: | 369页 | |
| 开本: | 32开 | |
| 丛书名: | ||
| 单 册: | ||
| 中图分类: | ||
| 科图分类: | ||
| 主题词: | 无神论 | |
| 电子资源: | ||
| ISBN: | 7-5392-3330-3 | |
| 000 | 00662nam0 2200217 45 | |
| 001 | 9912161147 | |
| 005 | 19991216113642.4 | |
| 010 | @a7-5392-3330-3@d19.80元 | |
| 100 | @a19991216d1999 km y0chiy0120 ea | |
| 101 | @achi | |
| 105 | @a z 000yy | |
| 200 | 1 | @a我不信邪:何祚麻反伪科学论战集@AWo Bu Xin Xie:He Zuo Ma Fan Wei Ke Xue Lun Zhan Ji@AWo Bu Xin Xie:He Zuo Ma Fan Wei Ke Xue Lun Zhan Ji)@f何祚麻著@FHe Zuo Ma Zhu |
| 205 | @a1 | |
| 210 | @a南昌@c江西教育出版社@d1999.10 | |
| 215 | @a369页@d32开 | |
| 606 | 0 | @a无神论 |
| 690 | @v3 | |
| 690 | @aB917-53 | |
| 701 | @a何祚麻@4著 | |
| 801 | @aCN@bPFTUser@c19991216 | |
| 905 | @f2@b47666-667@dB917-53@eH904 | |
| 我不信邪:何祚麻反伪科学论战集/何祚麻著.-1.-南昌:江西教育出版社,1999.10 |
| 369页;32开 |
| ISBN 7-5392-3330-3:19.80元 |
| ● |
| 相关链接 |
|
|
|
正题名:我不信邪:何祚麻反伪科学论战集
索取号:B917-53/H904
 
预约/预借
| 序号 | 登录号 | 条形码 | 馆藏地/架位号 | 状态 | 备注 |
| 1 | 47666 | 200476662 | 自科二线400A/509社科库 52排9列1层/ [索取号:B917-53/H904] | 在馆 | |
| 2 | 47667 | 200476671 | 自科二线400A/ [索取号:B917-53/H904] | 在馆 |